| 000 | 00621nam a2200205 i 4500 | ||
|---|---|---|---|
| 001 | 76047 | ||
| 003 | ES-MaACL | ||
| 005 | 20240601063023.0 | ||
| 007 | t| | ||
| 008 | 040929s1963 sp ||||1| spa d | ||
| 100 | 1 |
_aGuardiola Tomás, Lorenzo. _960328 |
|
| 245 | 1 | 3 |
_aLa Diosa de Ílice _b: (mitos ibéricos) / _cLorenzo Guardiola Tomás. |
| 260 |
_aPalencia : _b[s.n., _c1963] ( _fDiario Día) |
||
| 300 |
_a88 p. ; _c22 cm. |
||
| 490 | 1 |
_aColección Rocamador ; _v17 |
|
| 830 | 0 | 0 |
_aRocamador (Serie) ; _v17 _9236737 |
| 852 |
_aES-MaACL _j2089-F-3 _bR.89021 |
||
| 942 | _2udc | ||
| 999 |
_c76047 _d76047 |
||